000 01023nam a2200217Ia 4500
003 Ost
005 20260507075115.0
008 260507s9999||||xx |||||||||||||| ||und||
020 _a5355919977
040 _cfsecg
041 _aara
082 _a336.014
100 _aالخضيري، محسن أحمد
_eمؤلف
245 0 _aالتمويل بدون نقود /
_c محسن أحمد الخضيري
260 _aالقاهرة:
_bمجموعة النيل العربية,
_c2001
300 _a160 صفحة؛
_bإيضاحات ؛
_c24 سم
520 _aإنشاء المشروعات البنية الاساسية بدون نقود- التأجير التمويلي للألات والمعدات- الصفقات المتكافئة كمصدر للتمويل بدون نقود- المحاذير والمخاطر لمشروعات البنية الأساسية الممولة ذاتيا ومن القطاع الخاص مقابل الإنتفاع
653 _aالتمويل
653 _aالنقود
942 _cكتاب
999 _c42994
_d42994